| 000 | 00902nam a2200253 a 4500 | ||
|---|---|---|---|
| 001 | 54691 | ||
| 003 | BD-RjUL | ||
| 005 | 20211209080145.0 | ||
| 008 | 161108b20041997ii ||||| |||| 00| 0 eng d | ||
| 020 | _a8176295302(set) | ||
| 020 | _a8176295272 (v.1) | ||
| 020 | _a8176295280 (v,2) | ||
| 020 | _a8176295299 (v,3) | ||
| 035 | _a(BD-RjUL) 54813 | ||
| 040 |
_aBD-RjUL _beng _cBD-RjUL |
||
| 041 | _aeng | ||
| 082 |
_223 _a954.03 _bIND 2004 |
||
| 245 | 0 | 0 |
_aIndia : _bfifty years of independence / _cedit. by Verinder Grover; Ranjana Arora |
| 260 |
_aNew Delhi : _bDeep & Deep, _c1997. |
||
| 300 |
_aV. ; _c23 cm. |
||
| 505 | 0 | _av. 1. Towards independence, the pre-1947 period -- v. 2. Independence and beyond, the fifty years, 1947-1997 -- v. 3. Fifty years of India's independence, a chronology of events, 1947-1997. | |
| 651 |
_aIndia _xHistory _y20th century. _9128902 |
||
| 942 |
_2ddc _cBK |
||
| 999 |
_c54691 _d54691 |
||